| 000 | 00926nas a2200313 4500 | ||
|---|---|---|---|
| 001 | BR2012004206 | ||
| 003 | BR-BrBNA | ||
| 005 | 20231205120710.0 | ||
| 007 | ta | ||
| 008 | 230509b bl.|||p| |||| 00| 00por d | ||
| 040 |
_aBR-BrBNA _bpor _cBiblioteca Nacional de Agricultura |
||
| 041 | _a(Pt) | ||
| 072 | _aP35 | ||
| 100 | 1 | _aLima, S.S. de | |
| 100 | 1 | _aAlves, B.J.R. | |
| 100 | 1 | _aAquino, A.M. de | |
| 100 | 1 | _aMercante, F.M. | |
| 100 | 1 | _aPinheiro, E.F.M. | |
| 100 | 1 | _aSant'Anna, S.A.C. | |
| 100 | 1 | _aUrquiaga, S. | |
| 100 | 1 | _aBoddey, R.M. | |
| 245 | 1 | _aRelação entre a presença de cupinzeiros e a degradação de pastagens | |
| 650 | _aCUPIM | ||
| 650 | _aBRACHIARIA BRIZANTHA | ||
| 650 | _aPASTAGEM | ||
| 773 | 0 |
_tPesquisa Agropecuária Brasileira (Brazil) _xISSN 0100-204X _g(Dec 2011), v. 46(12) p. 1699-1706 _wBR2012004206 |
|
| 909 |
_a202311 _bLúcia _c55 _dLúcia Elande |
||
| 942 |
_2AGRIS _n0 _cANA |
||
| 999 |
_c219829 _d219829 |
||